Using christian contemplative practice with children/ (Record no. 364679)
[ view plain ]
| 000 -LEADER | |
|---|---|
| fixed length control field | 00456nam a2200133Ia 4500 |
| 008 - FIXED-LENGTH DATA ELEMENTS--GENERAL INFORMATION | |
| fixed length control field | 201002s9999 xx 000 0 und d |
| 020 ## - INTERNATIONAL STANDARD BOOK NUMBER | |
| International Standard Book Number | 978-178-592-662-4 |
| 100 ## - MAIN ENTRY--PERSONAL NAME | |
| Personal name | Mainstone-Cotton, Sonia |
| 245 ## - TITLE STATEMENT | |
| Statement of responsibility, etc | Sonia Mainstone-Cotton |
| Title | Using christian contemplative practice with children/ |
| 260 ## - PUBLICATION, DISTRIBUTION, ETC. (IMPRINT) | |
| Place of publication, distribution, etc | London: |
| Name of publisher, distributor, etc | Jessica Kingsley Publishers |
| Date of publication, distribution, etc | 2019 |
| 300 ## - PHYSICAL DESCRIPTION | |
| Extent | 150 pages |
| Dimensions | 18 cm |
| 650 ## - SUBJECT ADDED ENTRY--TOPICAL TERM | |
| Topical term or geographic name as entry element | Children -- Religious life |
| 650 ## - SUBJECT ADDED ENTRY--TOPICAL TERM | |
| Topical term or geographic name as entry element | Meditation -- Christianity |
| Withdrawn status | Lost status | Damaged status | Home library | Current library | Shelving location | Date acquired | Source of acquisition | Total Checkouts | Full call number | Barcode | Date last seen | Price effective from | Koha item type |
|---|---|---|---|---|---|---|---|---|---|---|---|---|---|
| Luxembourg Library | Luxembourg Library | Teachers Reference Section | 10/02/2020 | Library Fund | BV 4571.3 .M225 2019 | 20951 | 10/02/2020 | 10/02/2020 | Books |